000 01589nam a2200481 i 4500
001 4174
003 KOSZ 005
005 20200424135039.0
008 970903s1990 pl a f f |000 0 pol
015 _aPB 1990/4282
035 _a(OCoLC)749820680
040 _aWA N
_cWA N
_dKOSZ 005/HR
046 _k1990
080 _a692
080 _a698
080 _a72.01
080 _a(075.8)
100 1 _aParczewski, Wacław
_eAutor
245 1 0 _aBudownictwo dla architektów :
_belementy robót wykończeniowych /
_cWacław Parczewski, Zbigniew Wnuk.
260 _aWarszawa :
_bWydawnictwa Politechniki Warszawskiej,
_c1990.
300 _a235 s. :
_brys. ;
_c24 cm.
336 _2rdacontent
_aTekst
_btxt
337 _2rdamedia
_aBez urządzenia pośredniczącego
_bn
338 _2rdacarrier
_aWolumin
_bnc
380 _aKsiążki.
380 _aPublikacje dydaktyczne.
385 _mPoziom nauczania.
_aSzkoły wyższe.
388 _a1901-2000
388 _a1989-2000
504 _aBibliogr. s. 235.
650 4 _aStolarka budowlana.
658 _aArchitektura i budownictwo
650 4 _aPowłoki ochronne
655 4 _aPodręczniki akademickie
650 4 _aKonstrukcje budowlane
650 4 _aBudownictwo
650 4 _aŚciany
650 4 _aRoboty okładzinowe
700 1 _aWnuk, Zbigniew.
_eAutor
710 2 _aWydawnictwa Politechniki Warszawskiej
_4pbl.
856 _uhttp://koha.tu.koszalin.pl/cgi-bin/koha/opac-detail.pl?biblionumber=4174
_yKatalog online BPK
942 _2UKD
_cKS
999 _c4174
_d4174